000 00358nam a2200157Ia 4500
003 Ost
005 20260225132549.0
008 260225s9999||||xx |||||||||||||| ||und||
040 _cfsic
041 _afre
082 _a440
100 _aMedhar slimane
_eAuteur
245 0 _aTradition contre developpement /
245 0 _cMedhar slimane
942 _cكتاب
999 _c34049
_d34049